Central Library OPAC University of Rajshahi

The religion of Islam / (Record no. 32745)

MARC details
000 -LEADER
fixed length control field 00661nam a2200217 a 4500
001 - CONTROL NUMBER
control field 32745
003 - CONTROL NUMBER IDENTIFIER
rucl marc code BD-RjUL
005 - DATE AND TIME OF LATEST TRANSACTION
control field 20211209051904.0
008 - FIXED-LENGTH DATA ELEMENTS--GENERAL INFORMATION
fixed length control field 930225s1906 enk 000 0 eng d
035 ## - SYSTEM CONTROL NUMBER
System control number CURL Interim file ISBN27
-- (BD-RjUL)32835
040 ## - CATALOGING SOURCE
Original cataloging agency BD-RjUL
Language of cataloging eng
Transcribing agency BD-RjUL
Modifying agency BD-RjUL
041 ## - LANGUAGE CODE
Language code of text/sound track or separate title eng
082 ## - DEWEY DECIMAL CLASSIFICATION NUMBER
Author mark and year KLR 1906
100 1# - MAIN ENTRY--PERSONAL NAME
Personal name Klein, F. A.
Fuller form of name (Frederick Augustus)
9 (RLIN) 99587
245 14 - TITLE STATEMENT
Title The religion of Islam /
Statement of responsibility, etc. F.A. Klein.
260 ## - PUBLICATION, DISTRIBUTION, ETC. (IMPRINT)
Place of publication, distribution, etc. London :
Name of publisher, distributor, etc. Kegan Paul, Trench& Co. Ltd.,
Date of publication, distribution, etc. 1906.
300 ## - PHYSICAL DESCRIPTION
Pagination viii, 241 p. ;
Size 22 cm.
500 ## - GENERAL NOTE
General note Facsim of: 1st ed. published London : H. Paul, 1906.
650 #0 - SUBJECT ADDED ENTRY--TOPICAL TERM
Topical term or geographic name as entry element Islam.
9 (RLIN) 99588
942 ## - ADDED ENTRY ELEMENTS (KOHA)
Source of classification or shelving scheme Dewey Decimal Classification
Koha item type Books
Holdings
Lost status Source of classification or shelving scheme Damaged status Not for loan Collection code Permanent Location Current Location Shelving location Date acquired Source of acquisition Cost, normal purchase price Total Checkouts Full call number Date last seen Copy number Koha item type
  Dewey Decimal Classification   Not For Loan Non-fiction Central Library, University of Rajshahi Central Library, University of Rajshahi Reading Room 01/09/1985 Tulip 45.00   297 KLR 1906 28/04/2014 C-1 Books